F1 race winners 2020-2024 - Statistics

General Stats
  • This quiz has been taken 101 times
  • The average score is 11 of 12
Answer Stats
Hint Answer % Correct
21 Hamilton
98%
6 Leclerc
98%
55 Verstappen
98%
4 Sainz
94%
4 Norris
93%
6 Perez
90%
1 Gasly
89%
2 Piastri
89%
3 Russell
89%
3 Bottas
87%
1 Ocon
83%
1 Ricciardo
62%
No matching quizzes found
Score Distribution
Percent of People with Each Score
Percentile by Number Answered
Your Score History
You have not taken this quiz